[Event "Montcalm III 2000-01"]
[Site "Quebec CAN"]
[Date "2000.11.23"]
[Round "1"]
[White "Auger, Bertrand"]
[Black "Lessard, Claude"]
[Result "1/2-1/2"]
[WhiteElo "1945"]
[BlackElo "1891"]
[PlyCount "92"]
[GameId "2160767911635648"]
[EventDate "2000.11.23"]
[EventType "tourn"]
[EventRounds "5"]
[EventCountry "CAN"]

1. Nf3 d5 2. b3 c5 3. g3 Nc6 4. Bb2 Bg4 5. Bg2 Bxf3 6. Bxf3 e5 7. c4 d4 8. Bxc6+ bxc6 9. e3 Bd6 10. O-O Ne7 11. d3 f5 12. Nd2 O-O 13. Qe2 Qd7 14. Rae1 Rae8 15. Qd1 Ng6 16. e4 f4 17. Qh5 Rf6 18. Nf3 Ref8 19. Ng5 h6 20. Nf3 Qf7 21. g4 Nh8 22. Qxf7+ Nxf7 23. Kg2 Rg6 24. h3 h5 25. Nh4 Rg5 26. f3 Nh6 27. Kf2 Be7 28. Ng2 hxg4 29. hxg4 Nxg4+ 30. fxg4 f3 31. Kg3 fxg2 32. Rxf8+ Kxf8 33. Bc1 Rg6 34. Rg1 Rf6 35. Kxg2 Rg6 36. Kg3 Bd6 37. g5 Re6 38. Kg4 Kf7 39. Rf1+ Kg6 40. Bd2 Re8 41. Be1 Rf8 42. Rxf8 Bxf8 43. a3 Be7 44. Bd2 a6 45. b4 cxb4 46. axb4 Bd6 1/2-1/2

[Event "Montcalm III 2000-01"]
[Site "Quebec CAN"]
[Date "2000.11.23"]
[Round "1"]
[White "Brunet, Dominique"]
[Black "Bourassa, Andre"]
[Result "1-0"]
[WhiteElo "1517"]
[BlackElo "1571"]
[PlyCount "58"]
[GameId "2160767911635649"]
[EventDate "2000.11.23"]
[EventType "tourn"]
[EventRounds "5"]
[EventCountry "CAN"]

1. e4 c5 2. Nf3 d6 3. d4 cxd4 4. Nxd4 a6 5. Nc3 Nf6 6. Bc4 Nbd7 7. Bb3 Nc5 8. f3 e6 9. Be3 Be7 10. Qd2 Bd7 11. O-O O-O 12. Rad1 Qc7 13. Bf2 Ne8 14. Rfe1 Kh8 15. Bg3 b5 16. e5 d5 17. Bxd5 exd5 18. e6 Qb7 19. exd7 Qxd7 20. Nxd5 Qxd5 21. Rxe7 Qxa2 22. b3 Rd8 23. Qc3 b4 24. Qxc5 Nf6 25. Rde1 Nd5 26. Ne2 Nc3 27. Nxc3 bxc3 28. Qxc3 Rc8 29. Ra1 Qxc2 1-0

[Event "Montcalm III 2000-01"]
[Site "Quebec CAN"]
[Date "2000.11.23"]
[Round "1"]
[White "L'Heureux, Clement"]
[Black "Martineau, Michel"]
[Result "1-0"]
[WhiteElo "1857"]
[BlackElo "1822"]
[PlyCount "107"]
[GameId "2160767911635650"]
[EventDate "2000.11.23"]
[EventType "tourn"]
[EventRounds "5"]
[EventCountry "CAN"]

1. d4 g6 2. c4 Bg7 3. Nc3 c5 4. d5 Bxc3+ 5. bxc3 f5 6. Nf3 Nf6 7. Nd2 Qa5 8. Qc2 d6 9. f3 Nbd7 10. e3 Nb6 11. a4 Bd7 12. Nb3 Bxa4 13. Nxa5 Bxc2 14. Nxb7 Kd7 15. Na5 Rhb8 16. Ra2 Ba4 17. Bd3 Kc7 18. O-O Bd7 19. Bd2 Na4 20. Ra3 Rb2 21. Bc1 Rb6 22. Rf2 Rab8 23. Nc6 Bxc6 24. dxc6 Nb2 25. Rxa7+ Kxc6 26. Bc2 Nxc4 27. e4 R8b7 28. Rxb7 Kxb7 29. exf5 gxf5 30. Bxf5 Rb3 31. Re2 Ne5 32. Bd2 Kb6 33. f4 Nc4 34. Be1 Nd5 35. Bxh7 Nxf4 36. Rxe7 Rb2 37. g3 Nh3+ 38. Kf1 Rxh2 39. Re2 Rxe2 40. Kxe2 Ng5 41. Bg8 Ne5 42. Bd5 Kc7 43. Bd2 Ngf7 44. Bf4 Kd7 45. Ke3 Ke7 46. Ke4 Kf6 47. Bxf7 Nxf7 48. Kd5 Ke7 49. c4 Kd7 50. g4 Ke7 51. g5 Ke8 52. g6 Nd8 53. Bxd6 Nb7 54. Ke6 1-0

[Event "Montcalm III 2000-01"]
[Site "Quebec CAN"]
[Date "2000.11.23"]
[Round "1"]
[White "Moisan, Francois"]
[Black "Audet-Bouchard, Nicolas"]
[Result "0-1"]
[WhiteElo "1841"]
[BlackElo "1850"]
[PlyCount "80"]
[GameId "2160767911635652"]
[EventDate "2000.11.23"]
[EventType "tourn"]
[EventRounds "5"]
[EventCountry "CAN"]

1. e4 c5 2. Nf3 Nc6 3. Nc3 g6 4. d4 cxd4 5. Nxd4 Bg7 6. Be3 Nf6 7. f3 O-O 8. Qd2 d5 9. O-O-O e6 10. Nb3 Qc7 11. Bh6 dxe4 12. Bxg7 Kxg7 13. Nxe4 Nxe4 14. fxe4 Qe5 15. Bd3 b6 16. h4 h6 17. Rdf1 Bb7 18. Rh3 Rac8 19. Rhf3 a5 20. Qf2 Qc7 21. Nd4 Ne5 22. Nb5 Qd7 23. Nc3 Nxf3 24. gxf3 Qd6 25. f4 Qc5 26. Qg3 Rfe8 27. e5 h5 28. f5 exf5 29. Bxf5 Qxe5 30. Qxe5+ Rxe5 31. Bxc8 Bxc8 32. Rf4 f6 33. Rc4 Rc5 34. Re4 g5 35. Re7+ Kg6 36. Ne4 Rc6 37. hxg5 fxg5 38. Re5 Bf5 39. c3 Re6 40. Rxe6+ Bxe6 0-1

[Event "Montcalm III 2000-01"]
[Site "Quebec CAN"]
[Date "2000.11.23"]
[Round "1"]
[White "Papineau (Granby), Daniel"]
[Black "Bonneau, Daniel"]
[Result "1-0"]
[WhiteElo "1924"]
[BlackElo "1848"]
[PlyCount "87"]
[GameId "2160767911635653"]
[EventDate "2000.11.23"]
[EventType "tourn"]
[EventRounds "5"]
[EventCountry "CAN"]

1. e4 d6 2. Nc3 g6 3. g3 Bg7 4. Bg2 Nf6 5. d3 c5 6. h3 Nc6 7. Be3 Bd7 8. Qd2 Rb8 9. Nf3 Qc8 10. Nh4 b5 11. Nd1 b4 12. Bh6 O-O 13. Bxg7 Kxg7 14. Ne3 e5 15. Nef5+ Bxf5 16. Nxf5+ Kg8 17. Qh6 Ne8 18. Ne3 Qe6 19. O-O Nd4 20. Kh2 Nc7 21. f4 f6 22. Rf2 Qe7 23. f5 g5 24. Qh5 Qf7 25. Qd1 h5 26. c4 bxc3 27. bxc3 Nc6 28. Nc4 Rfd8 29. Rb1 Rxb1 30. Qxb1 Rb8 31. Rb2 Rxb2 32. Qxb2 Ne8 33. Ne3 Kg7 34. Bf3 Kh6 35. Nd5 Qg7 36. Qb5 Qd7 37. Bd1 a6 38. Qxa6 Nb8 39. Qb6 Qc8 40. Ba4 c4 41. Bxe8 Qxe8 42. Qxd6 cxd3 43. Nxf6 Qc6 44. Qf8# 1-0

[Event "Montcalm III 2000-01"]
[Site "Quebec CAN"]
[Date "2000.11.23"]
[Round "1"]
[White "Pescarus, Dana"]
[Black "Bender, Karl"]
[Result "0-1"]
[WhiteElo "1687"]
[BlackElo "1710"]
[PlyCount "108"]
[GameId "2160767911635654"]
[EventDate "2000.11.23"]
[EventType "tourn"]
[EventRounds "5"]
[EventCountry "CAN"]

1. c4 c5 2. Nc3 g6 3. g3 Bg7 4. Bg2 Nf6 5. Nf3 Nc6 6. a3 d6 7. O-O Bd7 8. Rb1 Qc8 9. Re1 Ng4 10. b4 Nge5 11. Nxe5 Bxe5 12. e3 cxb4 13. axb4 Bxc3 14. dxc3 Ne5 15. c5 dxc5 16. bxc5 Nc6 17. Qb3 Rb8 18. Bb2 O-O 19. c4 f6 20. Rbd1 Rd8 21. Bd5+ Kg7 22. Bg2 Bh3 23. Bd4 Bxg2 24. Kxg2 Qf5 25. Qb1 Qxb1 26. Rxb1 a6 27. Rbd1 Na5 28. Rc1 Kf7 29. Red1 Nb3 30. Rb1 Na5 31. Rdc1 e5 32. c6 Nxc6 33. Bb6 Rd7 34. Rd1 Rxd1 35. Rxd1 Ke6 36. Rb1 Rc8 37. Bc5 Na5 38. Rb6+ Rc6 39. Rxc6+ bxc6 40. Bb4 Nxc4 41. e4 a5 42. Bc3 a4 43. Kf1 a3 44. Ke2 Nd6 45. f3 Nb5 46. Ba1 Nd4+ 47. Kf2 a2 48. f4 Nb3 49. Bb2 a1=Q 50. Bxa1 Nxa1 51. fxe5 Kxe5 52. Ke3 Nb3 53. Kd3 Nc5+ 54. Kc4 Nxe4 0-1

[Event "Montcalm III 2000-01"]
[Site "Quebec CAN"]
[Date "2000.11.23"]
[Round "1"]
[White "Saint-Onge, Roland"]
[Black "Pilote, Guillaume"]
[Result "0-1"]
[WhiteElo "1810"]
[BlackElo "1742"]
[PlyCount "73"]
[GameId "2160767911635656"]
[EventDate "2000.11.23"]
[EventType "tourn"]
[EventRounds "5"]
[EventCountry "CAN"]

1. e4 c5 2. Nf3 d6 3. Bc4 g6 4. c3 Bg7 5. b4 cxb4 6. Qb3 e6 7. Qxb4 Nc6 8. Qb3 Nge7 9. O-O O-O 10. Qc2 d5 11. Bb3 Nb4 12. cxb4 Bxa1 13. d4 Nc6 14. Bg5 Nxd4 15. Bxd8 Nxc2 16. Be7 Re8 17. exd5 Rxe7 18. d6 Rd7 19. Bxc2 Rxd6 20. Nbd2 Bg7 21. Ne4 Rc6 22. Ba4 Rc4 23. Nd6 Rxb4 24. Be8 f6 25. Rc1 b6 26. Bb5 Bb7 27. Bd7 Bd5 28. a3 Rb2 29. Nc8 Kf7 30. Nd4 a5 31. Nb5 Rxc8 32. Nd6+ Ke7 33. Bxc8 Kxd6 34. f3 Bh6 35. Rd1 Rc2 36. Ba6 Rc1 37. Rxc1 0-1

[Event "Montcalm III 2000-01"]
[Site "Quebec CAN"]
[Date "2000.11.23"]
[Round "1"]
[White "Sauve, Richard"]
[Black "Angers, Gilles"]
[Result "1-0"]
[WhiteElo "1883"]
[BlackElo "1974"]
[PlyCount "54"]
[GameId "2160767911635657"]
[EventDate "2000.11.23"]
[EventType "tourn"]
[EventRounds "5"]
[EventCountry "CAN"]

1. d4 Nf6 2. c4 g6 3. Nc3 Bg7 4. e4 d6 5. g3 c6 6. Bg2 Qa5 7. Nge2 O-O 8. O-O e5 9. d5 cxd5 10. cxd5 b5 11. b4 Qxb4 12. Rb1 Qc4 13. Nxb5 Ba6 14. Nec3 Nbd7 15. Re1 Bxb5 16. Nxb5 Rab8 17. Bf1 Qxa2 18. Be3 Nc5 19. Ra1 Qb2 20. Nxd6 Nfxe4 21. Nxe4 Nxe4 22. Bxa7 Nc3 23. Qc1 Rb7 24. Qxb2 Rxb2 25. d6 Rd8 26. Bc5 Rb5 27. Ba3 e4 1-0

[Event "Montcalm III 2000-01"]
[Site "Quebec CAN"]
[Date "2000.11.23"]
[Round "1"]
[White "Skakni, Ismael"]
[Black "Boily, Felix-Antoine"]
[Result "0-1"]
[WhiteElo "1019"]
[BlackElo "1012"]
[PlyCount "60"]
[GameId "2160767911635658"]
[EventDate "2000.11.23"]
[EventType "tourn"]
[EventRounds "5"]
[EventCountry "CAN"]

1. d4 Nf6 2. Nf3 d5 3. Nc3 e6 4. Bg5 Bd7 5. e4 Be7 6. Bd3 c6 7. Bf4 O-O 8. O-O a6 9. e5 Ne8 10. a3 c5 11. Qd2 cxd4 12. Nxd4 Kh8 13. b4 Nc6 14. Nce2 Nxd4 15. Nxd4 Rc8 16. a4 Qc7 17. Bg5 f6 18. exf6 Bxf6 19. b5 Bxd4 20. Qb4 Bc5 21. Qh4 Rf5 22. Bxf5 exf5 23. Rad1 Be6 24. Rd3 Nd6 25. Bf4 Qd8 26. Bg5 Qc7 27. Bf6 Bxf2+ 28. Rxf2 Ne4 29. Rff3 Nxf6 30. Qg5 Qxc2 0-1

[Event "Montcalm III 2000-01"]
[Site "Quebec CAN"]
[Date "2000.11.26"]
[Round "1"]
[White "Leroux, Alexis"]
[Black "Plante, Bernard"]
[Result "1/2-1/2"]
[WhiteElo "1364"]
[BlackElo "1111"]
[PlyCount "77"]
[GameId "2160767911635659"]
[EventDate "2000.11.23"]
[EventType "tourn"]
[EventRounds "5"]
[EventCountry "CAN"]

1. e4 e5 2. Nf3 Nc6 3. Bc4 Bc5 4. d3 Nf6 5. Be3 Be7 6. Nc3 d6 7. O-O O-O 8. h3 Na5 9. Bb3 Nxb3 10. axb3 c6 11. Rxa7 Rxa7 12. Bxa7 Qa5 13. Qa1 Qxa1 14. Rxa1 Bd7 15. Bb6 Re8 16. Ra7 Bc8 17. Na4 Bf8 18. Ra8 Nd7 19. Nd2 f6 20. Nc4 Kf7 21. Bc7 b5 22. Nab6 bxc4 23. Rxc8 Rxc8 24. Nxc8 cxb3 25. cxb3 d5 26. Nd6+ Ke6 27. Nb7 Nc5 28. Nxc5+ Bxc5 29. Ba5 Bd4 30. Bc3 Bb6 31. Kf1 Kd6 32. exd5 cxd5 33. Ke2 Kc5 34. g4 Kb5 35. Bd2 Ba5 36. Bxa5 Kxa5 37. Kd2 Kb4 38. Kc2 g6 39. f3 1/2-1/2

[Event "Montcalm III 2000-01"]
[Site "Quebec CAN"]
[Date "2000.11.30"]
[Round "2"]
[White "Bourassa, Andre"]
[Black "Beaudoin, Gaetan"]
[Result "1-0"]
[WhiteElo "1571"]
[BlackElo "1540"]
[PlyCount "59"]
[GameId "2160767911635660"]
[EventDate "2000.11.23"]
[EventType "tourn"]
[EventRounds "5"]
[EventCountry "CAN"]

1. d4 Nf6 2. c4 c5 3. d5 e6 4. Nc3 exd5 5. cxd5 d6 6. e4 g6 7. Bd3 Bg7 8. Nge2 O-O 9. O-O a6 10. a4 Nbd7 11. f4 Re8 12. h3 Rb8 13. Be3 Qc7 14. Rc1 c4 15. Bb1 Nc5 16. Ng3 b5 17. axb5 axb5 18. Qf3 Nfd7 19. Qd1 Ba6 20. Rc2 b4 21. Nce2 Nxe4 22. Rf3 b3 23. Rd2 Nxd2 24. Qxd2 Nc5 25. Bd4 Qb6 26. f5 Qb4 27. Nc3 Bxd4+ 28. Qxd4 Na4 29. fxg6 hxg6 30. Bxg6 1-0

[Event "Montcalm III 2000-01"]
[Site "Quebec CAN"]
[Date "2000.11.30"]
[Round "2"]
[White "Fecteau, Martin"]
[Black "Auger, Bertrand"]
[Result "1-0"]
[WhiteElo "1943"]
[BlackElo "1945"]
[PlyCount "113"]
[GameId "2160767911635661"]
[EventDate "2000.11.23"]
[EventType "tourn"]
[EventRounds "5"]
[EventCountry "CAN"]

1. d4 e6 2. c4 Nf6 3. Nc3 Bb4 4. e3 b6 5. Bd3 Bb7 6. Nf3 Bxc3+ 7. bxc3 d6 8. O-O O-O 9. Re1 Nbd7 10. e4 e5 11. a4 a5 12. Bg5 h6 13. Bh4 Re8 14. Nd2 Nf8 15. f3 Ng6 16. Bf2 Qd7 17. g3 Re7 18. Bf1 Rd8 19. Qb3 Kh8 20. Red1 Qe6 21. Qb2 Ba6 22. c5 Bxf1 23. cxd6 Qh3 24. Nxf1 Rxd6 25. Ne3 Nh7 26. Nf5 Ng5 27. Rd3 Rf6 28. Nxe7 Nxe7 29. Qe2 Ng6 30. Rf1 Ne6 31. Be3 Qh5 32. d5 Nd8 33. c4 Nb7 34. c5 bxc5 35. Rc3 c4 36. Qd1 Qh3 37. Qe2 Nd6 38. Bc5 Nf4 39. gxf4 Rg6+ 40. Kh1 Nxe4 41. fxe4 Qxc3 42. fxe5 Qxe5 43. Qxc4 Rg4 44. Re1 Rh4 45. Bg1 f5 46. d6 Qxd6 47. Qf7 f4 48. Rb1 c6 49. Qe8+ Kh7 50. Rb8 Qa3 51. Qg8+ Kg6 52. Qe6+ Kg5 53. Rb3 Qf8 54. Bf2 Rg4 55. Rb7 Qf6 56. Rxg7+ Qxg7 57. Qf5# 1-0

[Event "Montcalm III 2000-01"]
[Site "Quebec CAN"]
[Date "2000.11.30"]
[Round "2"]
[White "Hebert, Marc"]
[Black "Lachance, Norbert"]
[Result "0-1"]
[WhiteElo "1689"]
[BlackElo "1637"]
[PlyCount "128"]
[GameId "2160767911635662"]
[EventDate "2000.11.23"]
[EventType "tourn"]
[EventRounds "5"]
[EventCountry "CAN"]

1. d4 Nf6 2. Nf3 g6 3. Nc3 d5 4. g3 Bg7 5. Bg2 O-O 6. O-O c6 7. Bf4 Nbd7 8. Qd2 Re8 9. Ne5 Nh5 10. e4 Nxf4 11. Qxf4 Nxe5 12. dxe5 dxe4 13. Qxe4 Bf5 14. Qe2 Qc7 15. Rae1 Rad8 16. g4 Be6 17. h3 Rd7 18. b3 Red8 19. Nb1 Bd5 20. f4 Qb6+ 21. Qf2 Qxf2+ 22. Rxf2 Bxg2 23. Kxg2 e6 24. Nc3 Bf8 25. Ne4 Be7 26. Ree2 Rd4 27. Kf3 h6 28. Rd2 Rxd2 29. Rxd2 Rxd2 30. Nxd2 Kf8 31. Ne4 Ke8 32. Ke3 c5 33. Kd3 Kd7 34. Kc4 Kc6 35. a4 a6 36. a5 Bf8 37. h4 Be7 38. g5 h5 39. c3 Bf8 40. Nf6 Be7 41. Ng8 Bd8 42. Nh6 Bxa5 43. Nxf7 b5+ 44. Kd3 Kd5 45. Nh8 c4+ 46. bxc4+ bxc4+ 47. Ke3 Bxc3 48. Nxg6 Bb4 49. Nh8 a5 50. g6 Bf8 51. Nf7 a4 52. Kd2 a3 53. Kc2 Ke4 54. Ng5+ Kf5 55. Nh7 Bh6 56. Nf6 Kxg6 57. Ne4 Bxf4 58. Nd6 Bxe5 59. Nxc4 Bb2 60. Ne3 e5 61. Kb3 e4 62. Nd5 Kf5 63. Ka2 Kg4 64. Nf6+ Bxf6 0-1

[Event "Montcalm III 2000-01"]
[Site "Quebec CAN"]
[Date "2000.12.07"]
[Round "3"]
[White "Auger, Bertrand"]
[Black "Gaspariants, Vladimir"]
[Result "1/2-1/2"]
[WhiteElo "1945"]
[BlackElo "2270"]
[PlyCount "128"]
[GameId "2160767911635663"]
[EventDate "2000.11.23"]
[EventType "tourn"]
[EventRounds "5"]
[EventCountry "CAN"]

1. Nf3 c5 2. b3 Nf6 3. g3 b6 4. Bg2 Bb7 5. O-O e6 6. c4 Be7 7. Bb2 O-O 8. Nc3 d6 9. Qc2 Nbd7 10. Rae1 a6 11. d3 Qc7 12. e4 Rab8 13. Nd2 Ba8 14. f4 Ne8 15. f5 e5 16. Nd5 Bxd5 17. exd5 b5 18. Nf3 bxc4 19. bxc4 Nb6 20. Bc1 Qd7 21. Bh3 Qd8 22. g4 h6 23. Qg2 Bg5 24. Bxg5 hxg5 25. Qd2 f6 26. Bg2 Na4 27. Rb1 Nc7 28. h4 gxh4 29. Nxh4 Kf7 30. Ng6 Rg8 31. Qa5 Qd7 32. Rb3 Rb4 33. Rfb1 Nc3 34. Rxb4 cxb4 35. Rxb4 Ne2+ 36. Kf2 Nf4 37. Nxf4 exf4 38. Rb7 Rc8 39. Qxa6 Qe7 40. Qb6 Kg8 41. Be4 g5 42. Rb8 Rxb8 43. Qxb8+ Ne8 44. Kf3 Kf8 45. Qb2 Qh7 46. Qg2 Qa7 47. Qf2 Qh7 48. Kg2 Qe7 49. a4 Qe5 50. a5 Qa1 51. Qd2 Nc7 52. d4 Qa3 53. Bf3 Ke7 54. Qe1+ Kd8 55. c5 Nb5 56. cxd6 Nxd6 57. Qe6 Qb2+ 58. Be2 Qa3 59. Qxf6+ Kc7 60. Qe7+ Kc8 61. Ba6+ Kb8 62. Qd8+ Ka7 63. Qb6+ Ka8 64. Qc6+ Kb8 1/2-1/2

[Event "Montcalm III 2000-01"]
[Site "Quebec CAN"]
[Date "2000.12.07"]
[Round "3"]
[White "Bisson, Real"]
[Black "Bourassa, Andre"]
[Result "1/2-1/2"]
[WhiteElo "1564"]
[BlackElo "1571"]
[PlyCount "102"]
[GameId "2160767911635664"]
[EventDate "2000.11.23"]
[EventType "tourn"]
[EventRounds "5"]
[EventCountry "CAN"]

1. e4 c5 2. Nf3 d6 3. d4 cxd4 4. Qxd4 Nc6 5. Bb5 Bd7 6. Bxc6 Bxc6 7. Nc3 Nf6 8. Bg5 Nd7 9. O-O-O f6 10. Bh4 Qb6 11. Qxb6 Nxb6 12. Nd4 Kd7 13. f4 Na4 14. Rhe1 Nxc3 15. bxc3 e5 16. fxe5 dxe5 17. Nxc6+ Kxc6 18. Kb2 Bc5 19. Rd5 Rad8 20. Red1 Rd6 21. Kb3 Rhd8 22. c4 a6 23. a4 b5 24. cxb5+ axb5 25. axb5+ Kxb5 26. c4+ Kc6 27. Ra1 Rb8+ 28. Kc2 Rxd5 29. cxd5+ Kd6 30. Ra6+ Rb6 31. Rxb6+ Bxb6 32. g4 Bg1 33. h3 Bc5 34. Kd3 Ke7 35. Kc4 Bd6 36. Bf2 g6 37. Kb5 Kd7 38. h4 h5 39. gxh5 gxh5 40. Kc4 Bc7 41. Kb5 Bd8 42. Kc5 Be7+ 43. Kc4 Bd8 44. Bc5 f5 45. exf5 Bxh4 46. Kd3 Bf6 47. Ke4 Kc7 48. Bb4 h4 49. Kf3 Kd7 50. Kg4 Kc7 51. Bc5 Kd7 1/2-1/2

[Event "Montcalm III 2000-01"]
[Site "Quebec CAN"]
[Date "2000.12.14"]
[Round "4"]
[White "Auger, Bertrand"]
[Black "Sauve, Richard"]
[Result "1-0"]
[WhiteElo "1945"]
[BlackElo "1883"]
[PlyCount "75"]
[GameId "2160767911635665"]
[EventDate "2000.11.23"]
[EventType "tourn"]
[EventRounds "5"]
[EventCountry "CAN"]

1. Nf3 c5 2. b3 d5 3. g3 Nc6 4. Bb2 f6 5. Bg2 e5 6. O-O Be6 7. d3 Qd7 8. Re1 Bd6 9. Nbd2 Nge7 10. a3 O-O 11. c4 Nd4 12. Nxd4 cxd4 13. e4 dxe3 14. fxe3 dxc4 15. bxc4 Rac8 16. d4 Kh8 17. Ne4 Rxc4 18. dxe5 Bxe5 19. Bxe5 fxe5 20. Ng5 Qxd1 21. Raxd1 Bg4 22. Rd2 h6 23. Ne4 b6 24. Nd6 Ra4 25. Rd3 Bf3 26. e4 Bxg2 27. Kxg2 Nc6 28. Rc1 Nd4 29. Rc7 Kg8 30. Re7 Rf6 31. Rd7 Nc2 32. Rc3 Ne1+ 33. Kh3 Rd4 34. Rc8+ Kh7 35. Rcd8 Rd2 36. Ne8 Rxd7 37. Nxf6+ gxf6 38. Rxd7+ 1-0

[Event "Montcalm III 2000-01"]
[Site "Quebec CAN"]
[Date "2000.12.14"]
[Round "4"]
[White "Bourassa, Andre"]
[Black "Guimont, Claude"]
[Result "1/2-1/2"]
[WhiteElo "1571"]
[BlackElo "1548"]
[PlyCount "49"]
[GameId "2160767911635666"]
[EventDate "2000.11.23"]
[EventType "tourn"]
[EventRounds "5"]
[EventCountry "CAN"]

1. d4 d5 2. c4 e6 3. a3 Nf6 4. Bg5 Be7 5. e3 Nbd7 6. Nc3 O-O 7. Bd3 dxc4 8. Bxc4 a6 9. Nge2 b5 10. Bd3 Bb7 11. O-O c5 12. dxc5 Nxc5 13. Bc2 Nce4 14. Qxd8 Bxd8 15. Nxe4 Nxe4 16. Bf4 Rc8 17. Rac1 Bf6 18. Bxe4 Bxe4 19. Nc3 Bxc3 20. Rxc3 Rxc3 21. bxc3 Rc8 22. f3 Bd3 23. Rc1 f6 24. e4 Rc4 25. Be3 1/2-1/2

[Event "Montcalm III 2000-01"]
[Site "Quebec CAN"]
[Date "2000.12.21"]
[Round "5"]
[White "Ouellet, Philippe"]
[Black "Bourassa, Andre"]
[Result "1-0"]
[WhiteElo "1538"]
[BlackElo "1571"]
[PlyCount "69"]
[GameId "2160767911635667"]
[EventDate "2000.11.23"]
[EventType "tourn"]
[EventRounds "5"]
[EventCountry "CAN"]

1. Nf3 c5 2. g3 g6 3. Bg2 Bg7 4. O-O Nc6 5. d3 Nf6 6. e4 d6 7. c3 Qc7 8. Re1 e5 9. Na3 a6 10. Nc4 O-O 11. a4 Be6 12. Ne3 b5 13. d4 cxd4 14. cxd4 exd4 15. Nc2 Bb3 16. Qd2 Bxa4 17. Ncxd4 Nxd4 18. Nxd4 Rac8 19. b3 Nxe4 20. Bxe4 Bxd4 21. Qxd4 Bxb3 22. Bh6 Qc3 23. Qxc3 Rxc3 24. Bxf8 Kxf8 25. Rxa6 d5 26. Bg2 d4 27. Rc6 Bc4 28. Rc8+ Kg7 29. Rd8 d3 30. Bf1 b4 31. Rd1 b3 32. Bxd3 b2 33. Bxc4 Rc1 34. Ba2 Ra1 35. Bb1 1-0

[Event "Montcalm IV 1999-2000"]
[Site "Quebec CAN"]
[Date "2000.02.10"]
[Round "1"]
[White "Hebert, Marc"]
[Black "Auger, Bertrand"]
[Result "1/2-1/2"]
[WhiteElo "1709"]
[BlackElo "1993"]
[PlyCount "71"]
[GameId "2160767911733120"]
[EventDate "2000.02.10"]
[EventType "swiss"]
[EventRounds "5"]
[EventCountry "CAN"]

1. d4 e6 2. c4 Nf6 3. Nc3 Bb4 4. e3 b6 5. a3 Bxc3+ 6. bxc3 Bb7 7. Nf3 d6 8. Be2 O-O 9. O-O Nbd7 10. a4 a5 11. Ba3 Ba6 12. Qc2 Re8 13. Bd3 e5 14. e4 Nf8 15. Rad1 Qd7 16. c5 Bxd3 17. Qxd3 exd4 18. cxd6 Qxa4 19. cxd4 cxd6 20. Bxd6 Rxe4 21. Ra1 Qc6 22. Be5 Re8 23. Rfc1 Qd5 24. Bc7 N8d7 25. Rab1 R8e6 26. Qa6 Ne8 27. Be5 Nxe5 28. dxe5 Rg4 29. Qe2 Reg6 30. g3 h5 31. Rd1 Qe4 32. Qxe4 Rxe4 33. Rd8 Kf8 34. Rb8 Rb4 35. Rxb4 axb4 36. Nd4 1/2-1/2

[Event "Montcalm IV 1999-2000"]
[Site "Quebec CAN"]
[Date "2000.02.17"]
[Round "1"]
[White "Auger, Bertrand"]
[Black "Potvin, Alain-Nicolas"]
[Result "1-0"]
[WhiteElo "1993"]
[BlackElo "1815"]
[PlyCount "113"]
[GameId "2160767911733121"]
[EventDate "2000.02.10"]
[EventType "swiss"]
[EventRounds "5"]
[EventCountry "CAN"]

1. Nf3 g6 2. d4 Bg7 3. g3 Nf6 4. Bg2 O-O 5. O-O d6 6. b3 c5 7. Bb2 Nc6 8. d5 Nb4 9. c4 e6 10. a3 Na6 11. dxe6 fxe6 12. Qc1 Qe7 13. Nbd2 d5 14. Ne5 Rb8 15. e3 Nc7 16. a4 Rd8 17. Re1 Qd6 18. Qc2 b6 19. Rad1 Bb7 20. Qc1 Nd7 21. Nxd7 Qxd7 22. Nf3 Qd6 23. Bxg7 Kxg7 24. Qb2+ Kg8 25. Ne5 Qf8 26. f4 Na6 27. Bh3 Qf6 28. Qb1 Nb4 29. Ng4 Qg7 30. Ne5 Qf6 31. Kf2 Rd6 32. Nf3 Rbd8 33. g4 d4 34. g5 dxe3+ 35. Rxe3 Qxf4 36. Bxe6+ Kf8 37. Bd5 Bxd5 38. cxd5 Rxd5 39. Rxd5 Rxd5 40. Ke2 Qg4 41. Kf2 Qf5 42. Qxf5+ Rxf5 43. h4 Nc2 44. Re5 Rxe5 45. Nxe5 Nd4 46. Nd7+ Kg7 47. a5 Nxb3 48. axb6 axb6 49. Nxb6 Nd4 50. Kg3 Nf5+ 51. Kg4 h5+ 52. gxh6+ Kxh6 53. Nc4 Ng7 54. Nd6 Ne6 55. Nf7+ Kg7 56. Nd6 Kf6 57. Ne4+ 1-0

[Event "Montcalm IV 1999-2000"]
[Site "Quebec CAN"]
[Date "2000.03.03"]
[Round "4"]
[White "Auger, Bertrand"]
[Black "Perreault, Jacquelin"]
[Result "1-0"]
[WhiteElo "1993"]
[BlackElo "1707"]
[PlyCount "57"]
[GameId "2160767911733122"]
[EventDate "2000.02.10"]
[EventType "swiss"]
[EventRounds "5"]
[EventCountry "CAN"]

1. Nf3 Nf6 2. g3 g6 3. b4 Bg7 4. Bb2 c6 5. Bg2 O-O 6. O-O a5 7. a3 axb4 8. axb4 Rxa1 9. Bxa1 Na6 10. c3 d6 11. d4 Nd7 12. Nbd2 e5 13. Qb3 Kh8 14. b5 cxb5 15. Qxb5 f5 16. Nc4 Nc7 17. Qb4 e4 18. Nfd2 d5 19. Nd6 Na6 20. Qa3 Nb6 21. c4 dxc4 22. N2xc4 Nxc4 23. Nxc4 Be6 24. Rc1 Bd5 25. e3 Rf6 26. Ne5 b5 27. Bf1 b4 28. Qa4 Bb7 29. Bxa6 1-0

[Event "Montcalm V 1999-2000"]
[Site "Quebec CAN"]
[Date "2000.03.16"]
[Round "1"]
[White "Pelletier, Luc"]
[Black "Auger, Bertrand"]
[Result "0-1"]
[WhiteElo "1545"]
[BlackElo "2024"]
[PlyCount "98"]
[GameId "2160767911732941"]
[EventDate "2000.03.16"]
[EventType "swiss"]
[EventRounds "5"]
[EventCountry "CAN"]

1. d4 e6 2. Nf3 Nf6 3. c4 b6 4. e3 Bb7 5. a3 Be7 6. Be2 O-O 7. O-O a5 8. Nc3 d6 9. a4 Na6 10. b3 Qd7 11. Bb2 Rad8 12. d5 Nc5 13. dxe6 fxe6 14. Qc2 Nfe4 15. Rad1 Bf6 16. Nd4 Nxc3 17. Bxc3 Ne4 18. Ba1 e5 19. Nb5 Nc5 20. Nc3 g6 21. e4 Bg7 22. Bb2 Ne6 23. Bg4 Qf7 24. Bxe6 Qxe6 25. Rd3 Rd7 26. Bc1 Rff7 27. Qe2 Qe8 28. Be3 Qf8 29. Qg4 Rd8 30. h3 Bc8 31. Qe2 Bh6 32. Bxh6 Qxh6 33. Rg3 Rdf8 34. Qd3 Qh4 35. Ne2 Be6 36. Qe3 Qe7 37. f4 exf4 38. Rxf4 Rxf4 39. Nxf4 Qf6 40. Nh5 Qa1+ 41. Kh2 Rf1 42. Rg5 Rh1+ 43. Kg3 Qe1+ 44. Qxe1 Rxe1 45. Kf4 Rf1+ 46. Ke3 Rb1 47. Nf6+ Kf7 48. Nxh7 Rxb3+ 49. Kf4 Kg7 0-1

[Event "Montcalm V 1999-2000"]
[Site "Quebec CAN"]
[Date "2000.03.23"]
[Round "2"]
[White "Auger, Bertrand"]
[Black "Perreault, Jacquelin"]
[Result "1-0"]
[WhiteElo "2024"]
[BlackElo "1702"]
[PlyCount "50"]
[GameId "2160767911732942"]
[EventDate "2000.03.16"]
[EventType "swiss"]
[EventRounds "5"]
[EventCountry "CAN"]

1. d4 f5 2. g3 Nf6 3. Bg2 e6 4. Nf3 Be7 5. c4 O-O 6. Nc3 d6 7. O-O Bd7 8. b4 c6 9. a4 d5 10. c5 Ne4 11. Nxe4 fxe4 12. Ne5 Bf6 13. f4 exf3 14. Nxf3 Be8 15. Bf4 Nd7 16. Bh3 Bf7 17. Qd2 h6 18. Bd6 Be7 19. Ne5 Nxe5 20. Bxe5 Bg5 21. Bf4 Bf6 22. Qe3 Re8 23. Qf2 Rf8 24. Bxh6 Kh7 25. Bf4 g6 1-0